000 01615cam a22004453a 4500
999 _c99
_d99
001 17678547
003 OSt
005 20190725153836.0
008 130329r20092008mau d 000 1 eng d
010 _a 2013658010
020 _a9780152066505 (pbk.)
020 _a0152066500 (pbk.)
035 _a(OCoLC)ocn259258457
040 _aBTCTA
_cBTCTA
_dIA4
042 _alccopycat
043 _au-at---
050 0 0 _aCPB Box no. 3706 vol. 14
082 _aFIC JIN
100 1 _aJinks, Catherine.
_eauthor
245 1 0 _aGenius Squad /
_cCatherine Jinks.
250 _a1st U.S. ed.
260 _aBoston :
_bGraphia,
_c[2009], c2008.
300 _a513, [4] p. ;
_c18 cm.
490 _aGenius trilogy
_v2
500 _aOriginally published: Crows Nest, N.S.W. : Allen & Unwin, 2008.
500 _aIncludes reading group guide.
520 _aAfter the Axis Institute is blown up, Cadel Piggott is stuck in foster care with constant police surveillance to protect him from the evil Prosper English, until he gets an offer to join a mysterious group called Genius Squad.
650 0 _aIdentity (Psychology)
_vFiction.
650 0 _aDetective and mystery stories.
650 0 _aGood and evil
_vFiction.
650 0 _aGenius
_vFiction.
651 0 _aAustralia
_vFiction.
655 7 _aYoung adult fiction.
_2lcsh
655 7 _aScience fiction.
_2gsafd
700 _aMcKenzie, Heath
_eCover artist
710 2 _aCopyright Paperback Collection (Library of Congress)
_5DLC
906 _a7
_bcbc
_ccopycat
_d2
_encip
_f20
_gy-gencatlg
942 _2ddc
_cFIC